مكتبة جامعة عجلون الوطنية

فهرس بحث المكتبة

المؤتمر السادس "أضواء على خطة تطوير القطاع العام" (Record no. 33669)

MARC details
000 -LEADER
fixed length control field 00728nam a22001697a 4500
003 - CONTROL NUMBER IDENTIFIER
control field JO-AjAnu
005 - DATE AND TIME OF LATEST TRANSACTION
control field 20240914103309.0
008 - FIXED-LENGTH DATA ELEMENTS--GENERAL INFORMATION
fixed length control field 240909b jo ||||| |||| 00| 0 ara d
040 ## - CATALOGING SOURCE
Original cataloging agency JO-AjAnu
Language of cataloging ARA
Transcribing agency JO-AjAnu
041 ## - LANGUAGE CODE
Language code of original ARA
100 ## - MAIN ENTRY--PERSONAL NAME
Personal name جمعية القيادات الإدارية الأردنية
Relator term معد
9 (RLIN) 66180
245 ## - TITLE STATEMENT
Title المؤتمر السادس "أضواء على خطة تطوير القطاع العام"
Statement of responsibility, etc. / اعداد جمعية القيادات الإدارية الأردنية
260 ## - PUBLICATION, DISTRIBUTION, ETC.
Place of publication, distribution, etc. عمان:
Name of publisher, distributor, etc. جمعية القيادات الإدارية الأردنية،
Date of publication, distribution, etc. 2023
300 ## - PHYSICAL DESCRIPTION
Extent 109 صفحة
650 #0 - SUBJECT ADDED ENTRY--TOPICAL TERM
Topical term or geographic name entry element التطوير الاداري في القطاع العام
9 (RLIN) 66202
942 ## - ADDED ENTRY ELEMENTS (KOHA)
Source of classification or shelving scheme Library of Congress Classification
Koha item type Books
Suppress in OPAC No
Holdings
Withdrawn status Lost status Damaged status Not for loan Home library Current library Date acquired Total Checkouts Full call number Barcode Date last seen Price effective from Koha item type Source of classification or shelving scheme
        مكتبة جامعة عجلون الوطنية مكتبة جامعة عجلون الوطنية 09/09/2024   HD58.8.2023 A30029 09/09/2024 09/09/2024 Books  
        مكتبة جامعة عجلون الوطنية مكتبة جامعة عجلون الوطنية 09/09/2024   HD58.8.2023 A30030 09/09/2024 09/09/2024 Books Library of Congress Classification